[Event "Bahia Blanca Primera CABB"]
[Site "Bahia Blanca"]
[Date "2018.11.18"]
[Round "5.3"]
[White "Mollo, Juan Pablo"]
[Black "Terc, Jorge"]
[Result "1-0"]
[WhiteElo "2004"]
[BlackElo "1725"]
[PlyCount "125"]
[EventDate "2018.11.18"]
[EventType "swiss"]
[EventRounds "7"]
[EventCountry "ARG"]
[SourceTitle "EXT 2024"]
[Source "ChessBase"]
[SourceDate "2023.10.10"]
[SourceVersion "1"]
[SourceVersionDate "2023.10.10"]
[SourceQuality "1"]

1. f4 b6 2. Nf3 Bb7 3. g3 e6 4. Bg2 Nf6 5. 0-0 d6 6. d3 Nbd7 7. e4 Be7 8. Nc3 a6 9. h3 b5 10. Be3 c5 11. Bf2 Nb6 12. g4 b4 13. Ne2 Rb8 14. Ng3 Qc7 15. g5 Nfd7 16. h4 g6 17. Qe2 Na4 18. c3 bxc3 19. bxc3 Bc6 20. Rac1 0-0 21. h5 Rb2 22. Rc2 Rfb8 23. Be1 Rxc2 24. Qxc2 Rb2 25. Qc1 Qb7 26. Rf2 Rb1 27. Qd2 d5 28. Kh2 Rb2 29. Qe3 Rxf2 30. Qxf2 dxe4 31. dxe4 Bxe4 32. Nxe4 Qxe4 33. Ne5 Nxe5 34. Bxe4 Ng4+ 35. Kg2 Nxf2 36. Kxf2 c4 37. h6 f5 38. Bc6 Bc5+ 39. Ke2 Nb2 40. Bd2 Kf7 41. a4 a5 42. Bb5 Bd6 43. Be3 Nd3 44. Kf3 Nb2 45. Bb6 Nd3 46. Bxc4 Nxf4 47. Bxa5 Nh3 48. Bd8 Ke8 49. Bf6 Nf4 50. Bb5+ Kf7 51. c4 Nd3 52. a5 Bc5 53. Bd8 e5 54. Bb6 e4+ 55. Ke2 Ke6 56. Bxc5 Nxc5 57. a6 Nxa6 58. Bxa6 Kd6 59. Bc8 Ke5 60. c5 f4 61. c6 Kd6 62. Bf5 Kxc6 63. Bxg6 1-0

[Event "Bahia Blanca Primera CABB"]
[Site "Bahia Blanca"]
[Date "2018.11.18"]
[Round "3.4"]
[White "Terc, Jorge"]
[Black "Tkalecz, David"]
[Result "0-1"]
[WhiteElo "1725"]
[BlackElo "1706"]
[PlyCount "48"]
[EventDate "2018.11.18"]
[EventType "swiss"]
[EventRounds "7"]
[EventCountry "ARG"]
[SourceTitle "EXT 2024"]
[Source "ChessBase"]
[SourceDate "2023.10.10"]
[SourceVersion "1"]
[SourceVersionDate "2023.10.10"]
[SourceQuality "1"]

1. e4 c6 2. d4 d5 3. e5 c5 4. c3 Nc6 5. Bb5 Qb6 6. Bxc6+ bxc6 7. dxc5 Qxc5 8. Be3 Qb5 9. Qe2 Qb8 10. f4 e6 11. Nf3 a5 12. b3 Nh6 13. h3 Nf5 14. Bf2 h5 15. h4 Ba6 16. Qd1 Be7 17. a4 Qb7 18. Nbd2 Rd8 19. g3 d4 20. cxd4 Nxd4 21. Ne4 c5 22. Nd6+ Bxd6 23. exd6 Rxd6 24. Bxd4 Rxd4 0-1